Is trust vindicated? A chronicle of the various accomplishments of the Government headed by General Ne Win during the period of tenure from November, 1958 to February 6, 1960

Kaydedildi:
Detaylı Bibliyografya
Kurumsal yazarlar: Burma, Information and Broadcasting Dept
Materyal Türü: Kitap
Dil:Undetermined
Baskı/Yayın Bilgisi: Rangoon 1960
Konular:
Etiketler: Etiketle
Etiket eklenmemiş, İlk siz ekleyin!
Thư viện lưu trữ: Trung tâm Học liệu Trường Đại học Cần Thơ
LEADER 00679nam a2200205Ia 4500
001 CTU_92530
008 210402s9999 xx 000 0 und d
082 |a 959.1 
082 |b B962 
110 |a Burma 
110 |b Information and Broadcasting Dept 
245 0 |a Is trust vindicated? 
245 2 |b A chronicle of the various accomplishments of the Government headed by General Ne Win during the period of tenure from November, 1958 to February 6, 1960 
245 0 |c Burma. Information and Broadcasting Dept 
260 |a Rangoon 
260 |c 1960 
650 |a History 
650 |z Burma 
904 |i Bằng 
980 |a Trung tâm Học liệu Trường Đại học Cần Thơ